Statistiques concernant Finalistes Golden Boy 2022

Cliquez ici pour prendre le quiz!

Statistiques générales

  • Ce quiz a été pris 219 fois
  • Le résultat moyen est 10 sur 20

Statistiques - réponses

ClubNationalitéRéponse% Correct
DortmundAngleterreJude Bellingham
94%
BarceloneEspagneGavi
93%
BarceloneEspagnePedri
91%
Real MadridFranceEduardo Camavinga
88%
ParisPortugalNuno Mendes
78%
BayernAllemagneJamal Musiala
77%
BayernFranceMathys Tel
62%
LeipzigCroatieJosko Gvardiol
61%
BarceloneEspagneAnsu Fati
48%
BayernPays-BasRyan Gravenberch
41%
DortmundAllemagneKarim Adeyemi
40%
LiverpoolPortugalFabio Carvalho
36%
BenficaPortugalAntonio Silva
28%
SalzburgSlovenieBenjamin Sesko
28%
LeedsItalieWilfried Gnonto
28%
JuventusItalieFabio Miretti
21%
RomaPologneNicola Zalewski
16%
UdineseItalieDestiny Udogie
12%
AtalantaItalieGiorgio Scalvini
12%
ValenceEspagneNico
8%

Distribution des résultats

Percentile par nombre de réponses

% des personnes avec chaque résultat

Votre développement - résultats

Vous n’avez pas pris ce quiz